MARC

LEADER 00000nam0a2200000 4500
001 310727
005 20231102002321.0
035 |a (RuTPU)RU\TPU\book\336079 
090 |a 310727 
100 |a 20151127d18 m y0rusy50 ca 
101 0 |a rus 
102 |a RU 
105 |a y z 000zy 
200 1 |a Правила Томской городской Публичной Библиотеки. Проект  |f В. Смитрович [и др.] 
210 |a Томск  |c Типография Сибирского Товарищества Печатного Дела  |d [18??] 
215 |a 6 с. 
300 |a Текст в русской дореформенной орфографии 
317 |5 63413507: 26//413  |a Поступил в НТБ в 1914 г. в дар от первого директора ТТИ профессора Е. Л. Зубашева 
601 0 2 |a Томская областная универсальная научная библиотека им. А. С. Пушкина (ТОУНБ)  |2 stltpush  |3 (RuTPU)RU\TPU\col\1204 
606 1 |a Библиотеки  |2 stltpush  |3 (RuTPU)RU\TPU\subj\28582  |9 52099 
610 1 |a публичные библиотеки 
610 1 |a Томск 
610 1 |a правила пользования 
610 1 |a история 
610 1 |a история библиотек 
610 1 |a Коллекция Е. Л. Зубашева 
610 1 |a дары библиотеке 
686 |a Ч734  |v LBC/SL-A  |2 rubbk 
702 1 |a Смитрович  |b В.  |4 220 
702 1 |a Мисюрев  |b А.  |4 220 
702 1 |a Германов  |b Н.  |4 220 
702 1 |a Дикгоф  |b А.  |4 220 
702 1 |a Милютина  |b Ю.  |4 220 
801 1 |a RU  |b 63413507  |c 20151127 
801 2 |a RU  |b 63413507  |c 20210706  |g RCR 
942 |c BK